Justice League Founders Quiz Stats

 Plays Quiz Updated Jul 31, 2014

     
Support Sporcle.
Go Orange.
Score 0/7 Timer 03:00
2 Plays Today
% Correct
Superman
99.3%
Batman
99%
Wonder Woman
96.4%
The Flash
89.8%
Green Lantern
86.4%
Aquaman
84.7%
Martian Manhunter
66.3%

From the Vault

'New' Things

by babymonkee

We've got a new quiz on the block.
Remove Ads.
Support Sporcle.
Get the best of Sporcle when you Go Orange. This ad-free experience offers more features, more stats, and more fun while also helping to support Sporcle. Thank you for becoming a member.

Show Comments

Extras

Top Quizzes Today


Score Distribution

Your Account Isn't Verified!

In order to create a playlist on Sporcle, you need to verify the email address you used during registration. Go to your Sporcle Settings to finish the process.

Report this User

Report this user for behavior that violates our Community Guidelines.

Details: